| 000 | 00433 a2200121 4500 | ||
|---|---|---|---|
| 001 | ART_3405 | ||
| 005 | 20260410161714.0 | ||
| 008 | 260409a | ||
| 245 | 1 | 0 | _aEl nivel y la composición del gasto real del sector gubernamental de la República Argentina: 1930-1977 |
| 100 | 1 | _aSchulthess, Wálter E. | |
| 700 | 1 | _aMann, Arthur J. | |
| 773 | 0 |
_tDesarrollo económico _g- Vol. 21, Nº 82 (jul./sep. 1981) _wREV1174 |
|
| 999 |
_c16359 _d16359 |
||